| 000 | 01031nam a22003137a 4500 | ||
|---|---|---|---|
| 003 | CHAP | ||
| 005 | 20220329141811.0 | ||
| 008 | 971013s1969 r 00010 d | ||
| 010 | _a74054 | ||
| 011 | _a75026 | ||
| 035 | _a84586 | ||
| 040 | _cCHAP | ||
| 090 | _aTesis | ||
| 100 | 0 | 0 |
_aGarza GutiƩrrez, Rodolfo. _947082 |
| 245 | _aEfect of certain chemicals as substitutes for chilling in apple seedlings, Malus sylvestris Mill. | ||
| 260 |
_a(Ithaca, N.L.) : _bEl autor, _c1969 |
||
| 300 |
_a111 h. _b: ilus. |
||
| 502 | _aTesis (Master of Science) -- Cornel University. Graduate School | ||
| 590 |
_aALEPH _b10 _c20130110 _lUCH01 _h1418 |
||
| 590 |
_aBATCH-UPD _b10 _c20130110 _lUCH01 _h1434 |
||
| 590 |
_aBATCH-UPD _b10 _c20130410 _lUCH01 _h0909 |
||
| 590 |
_aBATCH-UPD _b10 _c20130914 _lUCH01 _h1745 |
||
| 590 |
_aCONVERSION _b10 _c20130109 _lUCH01 _h1340 |
||
| 650 | 1 | 4 |
_aManzana _xCrecimiento. _970753 |
| 650 | 1 | 4 |
_aSemillas _xRendimiento. _9103930 |
| 901 | _aBK | ||
| 942 | _cTESIS | ||
| 949 |
_bBC _cTES _d-39991 _eTS1 _i84586 _si |
||
| 999 |
_c74054 _d74054 |
||